000 00630nam a2200169 a 4500
082 _a531.32
_bWAV
245 1 _aموجیں اور اھتزازات﹚WAVES AND OSCILLATIONS﹙:
_bبی ایس سی ﹚فزکس﹙کے نصاب کے مطابق
250 _aبار ساتواں
260 _aلاھور:
_bاردو سائنس بورڈ,
_c2003
300 _a260ص
500 _aسلسلہ مطبوعات نمبر125
526 _a0
_b0
_c0
_d531_320000000000000_WAV
650 0 _aMCE
_9379
650 0 _aطبعیات ۔۔ نصابی کتب
_939866
700 _aطاہر حسین ، ڈاکٹر﹚مدیر﹙
_939867
942 _2ddc
_cBK
999 _c544281
_d544281